Guess the animals by its features #2 - Statistics

General Stats
  • This quiz has been taken 4 times
  • The average score is 6 of 15
Answer Stats
Hint Answer % Correct
Animal that lives in another animal that stings clownfish
75%
Dangles a glowing bioluminescent lure from its head to attract prey in total darkness—females are massive, males are tiny parasites anglerfish
50%
Bigger than the dinosaurs blue whale
50%
Can change gender multiple times during life, starting male and becoming female clownfish
50%
Jelly shall be immortal immortal jellyfish
50%
Has nine brains (one central + one per arm) and can squeeze through tiny holes octopus
50%
Can regen lost arms (sometimes even whole body) starfish
50%
Shoots water jets like a sniper to knock insects into the water archerfish
25%
The only jellyfish with a bell that glows and stings super painfully box jellyfish
25%
Has bioluminescence in a tiny rod UNDER its head (heheheh) dragonfish
25%
Goblin like creepy ahh fish that can extend its jaws goblin shark
25%
Punches prey faster than a bullet (better than mohammad ali?) pistol shrimp
25%
Can shoot its intestines/body parts out of itself for defence sea cucumber
25%
Can hold breath for 90+ minutes on massive dives—largest toothed predator sperm whale
25%
Vampire s____ vampire squid
25%
No matching quizzes found
Score Distribution
Percent of People with Each Score
Percentile by Number Answered
Your Score History
You have not taken this quiz